1868 1364 1925 1731 1650 1026 1125 1301 1785 1214 1829 1904 1707 1211 1801 1292 1398 1759 1961 1262 1525 1392 1881 1194 1472 1583 1369 1274 1714 1810 1579 1182 1758 1300 1431 1329 1851 1606 1414 1398 1210 1185 1466 1656 1946 1694 1567 1501 1818 1043 1363 1205 1093 1946 1612 1393 1323 1402 1038 1969 1524 1508 1539 1416 1810 1605 1832 1386 1621 1432 1674 1055 1404 1787 1516 1426 1418 1130 1943 1313 1006 1925 1729 1764 1641 1583 1021 1313 1095 1869 1855 1651 1229 1230 1329 1924 1463 1173 1158 BCNSPRNW ULIB Ver.6.0+V

เปลี่ยนเป็นภาษาไทย

Change to English
 แสดงรายละเอียดบรรณานุกรม
  กลับหน้าหลัก

Brief Record : Get Marc (ISO 2709) : E-mail record : QR code < ปิดหน้าต่าง
LEADER : 00000nam 2200000uu 4500
001    13399122537
003     ULIB
008    020711s2547 th a 000 0 tha d
020    9749581571
020    9789749581575
090    นว.^bก111ส
100    กัณหา แก้วไทย^eแปล
245    7สหายนักสืบ ตอน กล้องส่องทางไกล/^cกัณหา แก้วไทย
260    กรุงเทพฯ :^bแก้วกานต์,^c2547
300    138 หน้า
945    ^p60^l0^i19987
999    ^aทศพร เกษรทอง
รายการนี้ยังไม่มีแท็ก
คุณยังไม่ได้ล็อกอิน คุณสามารถมีกิจกรรมร่วมกับเว็บไซต์ได้ แต่ต้องล็อกอินก่อน ::
  ล็อกอิน

รายการสื่อสารสนเทศ

ลำดับที่ ประเภท เลขเรียก/บาร์โค้ด สถานที่ สถานะ
1. นวนิยาย
นวนิยาย
นว. ก111ส ฉ.1 
  Barcode: 19987
ห้องสมุดวิทยาเขตสวรรค์ประชารักษ์
►นวนิยาย
บนชั้น
  ขอยืม

BibComment


ยังไม่เคยถูกคอมเมนท์

คอมเมนท์ทรัพยากรรายการนี้
  คอมเมนท์: 7สหายนักสืบ ตอน ก..


 Copyright 2026. Bcnsprnw @Library